Monólogos

محفوظ في:
التفاصيل البيبلوغرافية
المؤلف الرئيسي: Schleiermacher, Friedrich (مؤلف)
التنسيق: كتاب
اللغة:الإسبانية
منشور في: Barcelona Anthropos 1991
سلاسل:Textos y Documentos
الموضوعات:
الوسوم: إضافة وسم
لا توجد وسوم, كن أول من يضع وسما على هذه التسجيلة!

MARC

LEADER 00000nam a2200000 a 4500
001 UCZ9869
003 CL-VaPUC
008 960311e19910000SP |||||||||||||||||spa|d
082 0 4 |a 141.13  |b SCH  |2 21 
100 0 |a Schleiermacher, Friedrich  |e author  |9 354821 
245 1 0 |a Monólogos 
300 |a 170 p 
942 |c BK 
945 |d 19960311 00:00:00  |a rbrito 
260 |a Barcelona  |b Anthropos  |c 1991 
650 0 |a Idealismo  |9 265685 
650 0 |a Filosofía alemana   |9 265002 
583 |a last modification  |c 19960311 00:00:00  |k Rodrigo Vera 
490 0 |a Textos y Documentos 
999 |c 244924  |d 244922